000 00462nam a2200181Ia 4500
001 24081
005 20260414151019.0
008 260414t1997||||xx |||||||||||||| ||spa||
041 _aESP
082 _aS 759.985
_bM12
100 _aMartínez Compañón, Baltazar Jaime
_eAUT
245 0 _aTrujillo del Perú :
_bAcuarelas siglo XVll
260 _c1997
300 _a254 páginas :
_c40 cm.
650 _aABD
654 _aCAU
942 _cLIB
_dJUS
_fJUS
_2ddc
_n
999 _c24081
_d24081